000 00481nam a2200193Ia 4500
005 20250923144851.0
008 008 250917s9999 xx 000 0 eng d
037 _aTextual
040 _aDSWL
_beng
_cDSWL
041 _aeng
_2eng
084 _qDSWL
245 0 _aIndia in 1930-31
_cby Govt.of India
260 _aCalcutta
_bGovt.of India Central
_c1932
300 _axxiv,752p.
365 _aINR
_b3.50
925 _g3.50
942 _cTEXL
999 _c1444350
_d1444350